[Event "GER-ch Seniors 65 31st"]
[Site "Radebeul"]
[Date "2019.04.30"]
[Round "5"]
[White "Andrasch, Peter"]
[Black "Thonig, Manfred"]
[Result "1-0"]
[WhiteElo "1740"]
[BlackElo "1564"]
[PlyCount "101"]
[EventDate "2019.04.26"]
[EventType "swiss"]
[EventRounds "9"]
[EventCountry "GER"]
[SourceTitle "CBM 190 Extra"]
[Source "ChessBase"]
[SourceDate "2019.07.15"]
[SourceVersion "1"]
[SourceVersionDate "2019.07.15"]
[SourceQuality "1"]

1. f4 e5 2. fxe5 d6 3. Nf3 dxe5 4. e4 Nc6 5. Bb5 Bc5 6. d3 a6 7. Bc4 Nf6 8. Bg5 0-0 9. c3 h6 10. Bh4 Bg4 11. h3 Bh5 12. g4 Bg6 13. Qe2 Rb8 14. a3 Qd6 15. Bf2 b5 16. Bb3 Rbd8 17. Bc2 Rfe8 18. Nbd2 Rd7 19. 0-0 Nd8 20. Kh1 Ne6 21. Bg3 Nf4 22. Bxf4 exf4 23. Qg2 Qe6 24. Rfe1 Be3 25. Nf1 Qb6 26. Nxe3 fxe3 27. Re2 h5 28. g5 Nh7 29. Rg1 Nf8 30. Nh4 Rd6 31. d4 Qb7 32. Rxe3 Rde6 33. Nxg6 Nxg6 34. Rge1 Ne7 35. Bb3 Rg6 36. Qf3 Rf8 37. h4 Qc8 38. Rf1 Qg4 39. Qxg4 hxg4 40. Kg2 Nc8 41. e5 Nb6 42. Bc2 Nd5 43. Rg3 Re6 44. Bf5 Re7 45. Bxg4 c6 46. Rf2 c5 47. Rgf3 cxd4 48. cxd4 g6 49. h5 b4 50. hxg6 f5 51. gxf6 1-0

[Event "GER-ch Seniors 65 31st"]
[Site "Radebeul"]
[Date "2019.04.28"]
[Round "3"]
[White "Bondick, Karl Heinz"]
[Black "Andrasch, Peter"]
[Result "1-0"]
[WhiteElo "1948"]
[BlackElo "1740"]
[PlyCount "79"]
[EventDate "2019.04.26"]
[EventType "swiss"]
[EventRounds "9"]
[EventCountry "GER"]
[SourceTitle "CBM 190 Extra"]
[Source "ChessBase"]
[SourceDate "2019.07.15"]
[SourceVersion "1"]
[SourceVersionDate "2019.07.15"]
[SourceQuality "1"]

1. d4 d5 2. e4 c6 3. exd5 cxd5 4. c4 Nf6 5. c5 e6 6. Nc3 a6 7. Nf3 Nc6 8. Bf4 Be7 9. Bd3 Bd7 10. 0-0 Nh5 11. Qd2 Nxf4 12. Qxf4 f5 13. h4 Qb8 14. g3 Qxf4 15. gxf4 Bf6 16. Ne2 Nb4 17. Rfd1 h6 18. a3 Nc6 19. b4 Ne7 20. a4 g5 21. fxg5 hxg5 22. hxg5 Rg8 23. Kf1 Bxg5 24. Ng3 Bf6 25. Nh5 Bh8 26. b5 a5 27. Ke2 Rg4 28. Ke3 Ng6 29. Rg1 Kf7 30. Rxg4 fxg4 31. Ng5+ Ke7 32. Bxg6 Rg8 33. Nf4 Kf6 34. Nh7+ Ke7 35. Rh1 Bg7 36. Rh5 Kd8 37. Bf7 Rf8 38. Nxf8 Bxf8 39. Nxe6+ Bxe6 40. Bxe6 1-0

[Event "GER-ch Seniors 65"]
[Site "Hamburg"]
[Date "2018.07.28"]
[Round "8"]
[White "Hinrichs, Winfried"]
[Black "Andrasch, Peter"]
[Result "1/2-1/2"]
[WhiteElo "1231"]
[BlackElo "1744"]
[PlyCount "63"]
[EventDate "2018.07.21"]
[EventType "swiss"]
[EventRounds "9"]
[EventCountry "GER"]
[SourceTitle "CBM 186 Extra"]
[Source "ChessBase"]
[SourceDate "2018.08.24"]
[SourceVersion "1"]
[SourceVersionDate "2018.08.24"]
[SourceQuality "1"]

1. e4 e5 2. Nf3 Nf6 3. Nxe5 d6 4. Nf3 Nxe4 5. d4 Nf6 6. Bd3 Be7 7. 0-0 Bg4 8. h3 Bh5 9. Re1 0-0 10. Bg5 Nbd7 11. Nbd2 Re8 12. Ne4 d5 13. Ng3 Bg6 14. c3 c6 15. Bxg6 fxg6 16. Qb3 b6 17. Bf4 h6 18. Ne5 Nxe5 19. Bxe5 Bd6 20. f4 Kh7 21. Qc2 Rc8 22. Re2 c5 23. Rae1 Qd7 24. Qd3 h5 25. Bxf6 Rxe2 26. Rxe2 gxf6 27. Nxh5 Qf7 28. g4 Kg8 29. Ng3 cxd4 30. cxd4 Bxf4 31. Kg2 Kg7 32. h4 1/2-1/2

[Event "Berlin-ch Seniors op 34th"]
[Site "Berlin"]
[Date "2018.02.06"]
[Round "7"]
[White "Klevenow, Ursula"]
[Black "Andrasch, Peter"]
[Result "0-1"]
[WhiteElo "1634"]
[BlackElo "1748"]
[PlyCount "72"]
[EventDate "2018.01.30"]
[EventType "swiss"]
[EventRounds "9"]
[EventCountry "GER"]
[SourceTitle "EXT 2020"]
[Source "ChessBase"]
[SourceDate "2019.10.17"]
[SourceVersion "1"]
[SourceVersionDate "2019.10.17"]
[SourceQuality "1"]

1. d4 d5 2. Nf3 Nf6 3. c4 c6 4. e3 Bg4 5. Nc3 e6 6. Bd3 Nbd7 7. h3 Bh5 8. cxd5 cxd5 9. Be2 a6 10. 0-0 Bd6 11. Ne1 Bg6 12. Bd3 Ne4 13. Qc2 Rc8 14. Qb1 f5 15. Nf3 0-0 16. a3 b5 17. Bd2 Bh5 18. Bxe4 fxe4 19. Ne1 Qg5 20. Nxe4 dxe4 21. Qxe4 Qe7 22. f4 Bg6 23. Qf3 Nf6 24. Bc3 Be4 25. Qf2 Rc4 26. Nf3 Bxf3 27. Qxf3 Nd5 28. Rac1 Rfc8 29. f5 Nxc3 30. bxc3 Rxc3 31. Rxc3 Rxc3 32. fxe6 Qxe6 33. Kh1 h6 34. Qa8+ Kh7 35. e4 Qc4 36. Rd1 Rc1 0-1

[Event "Berlin-ch Seniors op 34th"]
[Site "Berlin"]
[Date "2018.02.03"]
[Round "5"]
[White "Langner, Hans Rainer"]
[Black "Andrasch, Peter"]
[Result "0-1"]
[WhiteElo "1598"]
[BlackElo "1748"]
[PlyCount "54"]
[EventDate "2018.01.30"]
[EventType "swiss"]
[EventRounds "9"]
[EventCountry "GER"]
[SourceTitle "EXT 2020"]
[Source "ChessBase"]
[SourceDate "2019.10.17"]
[SourceVersion "1"]
[SourceVersionDate "2019.10.17"]
[SourceQuality "1"]

1. d4 d5 2. e3 Nf6 3. Bd3 c6 4. Nd2 Bg4 5. Ngf3 Nbd7 6. 0-0 e6 7. Qe1 Bd6 8. e4 dxe4 9. Nxe4 Nxe4 10. Bxe4 Nf6 11. Bg5 h6 12. Bh4 Qb6 13. Bxf6 gxf6 14. d5 f5 15. Qc3 0-0-0 16. Bd3 Bxf3 17. gxf3 Rhg8+ 18. Kh1 Rg5 19. Qd2 Bxh2 20. Kxh2 Rdg8 21. Qxg5 Rxg5 22. f4 Rg4 23. dxe6 Qd4 24. Be4 Qxe4 25. Rg1 Qxf4+ 26. Kh3 Rh4+ 27. Kg2 Rh2+ 0-1

[Event "GER-chB Seniors 29th"]
[Site "Berlin"]
[Date "2017.08.15"]
[Round "8"]
[White "Andrasch, Peter"]
[Black "Cordes, Lothar"]
[Result "0-1"]
[WhiteElo "1764"]
[BlackElo "1871"]
[PlyCount "100"]
[EventDate "2017.08.07"]
[EventType "swiss"]
[EventRounds "9"]
[EventCountry "GER"]
[SourceTitle "EXT 2019"]
[Source "ChessBase"]
[SourceDate "2018.10.10"]
[SourceVersion "1"]
[SourceVersionDate "2018.10.10"]
[SourceQuality "1"]

1. f4 d5 2. Nf3 g6 3. e3 Bg7 4. Be2 c5 5. 0-0 Nf6 6. Kh1 0-0 7. a3 Nc6 8. Nc3 a6 9. d4 b6 10. Ne5 Qd6 11. Nxc6 Qxc6 12. Bf3 Rd8 13. Ne2 Bg4 14. c3 Bxf3 15. Rxf3 Ne4 16. Ng3 Rac8 17. f5 Nxg3+ 18. Rxg3 gxf5 19. Qh5 Rd6 20. Bd2 Rg6 21. Rh3 Qe6 22. Rf1 Qe4 23. Qf3 Rcc6 24. Rh5 Rcf6 25. Qxe4 fxe4 26. Rf4 cxd4 27. cxd4 Rxf4 28. exf4 Bxd4 29. Rxd5 Bxb2 30. Bb4 e3 31. f5 Rc6 32. g4 e2 33. Rd8+ Kg7 34. Kg2 Bxa3 35. f6+ Rxf6 36. Bc3 e5 37. g5 Rf1 38. Bxe5+ Kg6 39. Bc3 e1Q 40. Rg8+ Kf5 41. Bxe1 Rxe1 42. Kf2 Re7 43. Kf3 Bc5 44. h4 a5 45. Rd8 a4 46. Rd5+ Re5 47. Rd7 Re3+ 48. Kg2 Kg4 49. Rxf7 Re2+ 50. Kf1 Rf2+ 0-1

[Event "Berlin-ch Seniors op 32nd"]
[Site "Berlin"]
[Date "2016.02.02"]
[Round "7"]
[White "Prix, Siegfried"]
[Black "Andrasch, Peter"]
[Result "1-0"]
[WhiteElo "1699"]
[BlackElo "1793"]
[PlyCount "93"]
[EventDate "2016.01.26"]
[EventType "swiss"]
[EventRounds "9"]
[EventCountry "GER"]
[SourceTitle "EXT 2019"]
[Source "ChessBase"]
[SourceDate "2018.10.10"]
[SourceVersion "1"]
[SourceVersionDate "2018.10.10"]
[SourceQuality "1"]

1. e4 e5 2. Nf3 Nf6 3. Nxe5 d6 4. Nf3 Nxe4 5. d4 d5 6. Bd3 Be7 7. 0-0 0-0 8. c4 c6 9. Re1 f5 10. Nc3 Qd6 11. cxd5 cxd5 12. Qb3 Nxc3 13. Qxc3 Bf6 14. Bd2 Nc6 15. Ne5 Bxe5 16. dxe5 Qg6 17. f4 Be6 18. Qb3 Nd4 19. Qd1 Rac8 20. Bb4 Nc6 21. Bxf8 Kxf8 22. Qa4 Ke8 23. Rac1 a6 24. Rc5 Kd7 25. Rec1 Bf7 26. a3 Be8 27. Qc2 Ke6 28. Qb3 Ne7 29. Rxc8 Nxc8 30. Rxc8 Bc6 31. Rd8 Qg4 32. Rd6+ Ke7 33. Qb4 Qd1+ 34. Kf2 Kf7 35. Bxf5 a5 36. Qe1 Qd4+ 37. Qe3 Qxb2+ 38. Kg3 d4 39. Qf2 Qc3+ 40. Kh4 h6 41. Qa2+ Kf8 42. Bg6 Qe1+ 43. g3 Be8 44. Bxe8 g5+ 45. Kh5 Qd1+ 46. Kg6 Qd3+ 47. f5 1-0

[Event "Berlin-ch Seniors op 32nd"]
[Site "Berlin"]
[Date "2016.01.30"]
[Round "5"]
[White "Tuertmann, Dieter"]
[Black "Andrasch, Peter"]
[Result "1-0"]
[WhiteElo "2015"]
[BlackElo "1793"]
[PlyCount "129"]
[EventDate "2016.01.26"]
[EventType "swiss"]
[EventRounds "9"]
[EventCountry "GER"]
[SourceTitle "EXT 2019"]
[Source "ChessBase"]
[SourceDate "2018.10.10"]
[SourceVersion "1"]
[SourceVersionDate "2018.10.10"]
[SourceQuality "1"]

1. b3 b6 2. Bb2 Bb7 3. Nf3 Nf6 4. e3 e6 5. Be2 Be7 6. 0-0 0-0 7. d3 d5 8. Nbd2 c5 9. Re1 Nbd7 10. Nf1 Rc8 11. Ng3 Bd6 12. a4 Re8 13. Bf1 e5 14. e4 d4 15. Bc1 h6 16. Bd2 Nh7 17. Qc1 Re6 18. Nf5 Be7 19. h4 Rcc6 20. g3 Rf6 21. Bh3 Kh8 22. Kg2 Bc8 23. g4 Rg6 24. Kh2 Rgf6 25. Qd1 Rg6 26. Rg1 Qf8 27. Qe2 a6 28. h5 Rge6 29. g5 g6 30. Nxh6 Red6 31. Bxd7 Bxd7 32. Nxe5 Be6 33. Nxc6 Rxc6 34. Raf1 Qd8 35. f4 Qc7 36. Kh1 Bf8 37. hxg6 fxg6 38. Qf3 Qd7 39. Ng4 Qg7 40. Rf2 Rc7 41. Rh2 Be7 42. Kg2 Bg8 43. Rgh1 Bd8 44. Qh3 Qd7 45. Qh4 b5 46. axb5 axb5 47. Ne5 Qe8 48. Qh6 Rg7 49. Qh4 Bc7 50. Ng4 Bd8 51. Qg3 c4 52. bxc4 bxc4 53. Ne5 cxd3 54. cxd3 Bc7 55. Ng4 Bd8 56. Rh6 Qc6 57. Ne5 Qe6 58. R1h4 Bc7 59. Ng4 Bd8 60. Kf2 Qa2 61. Ke2 Ba5 62. Qe1 Bd8 63. Ne5 Bf7 64. Qh1 Ba5 65. Rxh7+ 1-0

[Event "Berlin-ch Seniors op 32nd"]
[Site "Berlin"]
[Date "2016.01.29"]
[Round "4"]
[White "Andrasch, Peter"]
[Black "Petrykowski, Reinhardt"]
[Result "1-0"]
[WhiteElo "1793"]
[BlackElo "1891"]
[PlyCount "71"]
[EventDate "2016.01.26"]
[EventType "swiss"]
[EventRounds "9"]
[EventCountry "GER"]
[SourceTitle "EXT 2019"]
[Source "ChessBase"]
[SourceDate "2018.10.10"]
[SourceVersion "1"]
[SourceVersionDate "2018.10.10"]
[SourceQuality "1"]

1. f4 d5 2. Nf3 Nf6 3. e3 e6 4. Be2 Be7 5. 0-0 Nbd7 6. b3 b6 7. Bb2 Bb7 8. Nc3 0-0 9. Qe1 Ne4 10. Nxe4 dxe4 11. Qg3 Bf6 12. Ne5 Nxe5 13. fxe5 Be7 14. Bc3 c5 15. a4 a6 16. Rad1 Qc7 17. Qh3 Bd5 18. d3 Qb7 19. Rf4 b5 20. Rdf1 Bg5 21. Rg4 h6 22. Rf6 Rfc8 23. Rxh6 gxh6 24. Qxh6 f6 25. exf6 Kf7 26. Qg7+ Ke8 27. Rxg5 Qxg7 28. Rxg7 Kf8 29. Be5 Rd8 30. Bh5 exd3 31. cxd3 Bxb3 32. Bg6 c4 33. Bc3 a5 34. Rh7 Kg8 35. f7+ Kf8 36. Bf6 1-0

[Event "Berlin-ch Seniors op 31st"]
[Site "Berlin"]
[Date "2015.02.06"]
[Round "8"]
[White "Dombrowsky, Michael"]
[Black "Andrasch, Peter"]
[Result "1-0"]
[WhiteElo "1963"]
[BlackElo "1578"]
[PlyCount "97"]
[EventDate "2015.01.29"]
[EventType "swiss"]
[EventRounds "9"]
[EventCountry "GER"]
[SourceTitle "EXT 2018"]
[Source "ChessBase"]
[SourceDate "2017.10.13"]
[SourceVersion "1"]
[SourceVersionDate "2017.10.13"]
[SourceQuality "1"]

1. e4 e5 2. Nf3 Nf6 3. Nc3 Nc6 4. g3 d6 5. Bg2 Be7 6. h3 h6 7. 0-0 0-0 8. d3 Be6 9. Nh4 Qc8 10. Kh2 Nh7 11. Nf3 f5 12. Nd5 Bd8 13. Ng1 fxe4 14. dxe4 Bg5 15. c3 Bxc1 16. Rxc1 Ng5 17. b4 Qd7 18. a4 Rf7 19. f4 exf4 20. gxf4 Nh7 21. b5 Ne7 22. Ne3 Rf6 23. f5 Nxf5 24. exf5 Bf7 25. Bxb7 Rd8 26. Bc6 Qe7 27. Ng4 d5 28. Nxf6+ Nxf6 29. Qf3 Nh5 30. Ne2 Qd6+ 31. Kg2 Rf8 32. Nf4 Nf6 33. Rce1 Ne4 34. Nxd5 Nd2 35. Ne7+ Kh7 36. Qf4 Rd8 37. Qxd6 Rxd6 38. Rf4 Rf6 39. Rd1 Nc4 40. Rd7 h5 41. Nd5 Bxd5+ 42. Bxd5 Ne3+ 43. Kf3 Nc2 44. Be4 Na1 45. Bb1 Nb3 46. Rc4 Kh6 47. Kf4 g6 48. Rcxc7 Nd2 49. Rh7# 1-0

[Event "Berlin-ch Seniors op 31st"]
[Site "Berlin"]
[Date "2015.02.04"]
[Round "6"]
[White "Hartmann, Hans"]
[Black "Andrasch, Peter"]
[Result "1-0"]
[WhiteElo "1776"]
[BlackElo "1578"]
[PlyCount "135"]
[EventDate "2015.01.29"]
[EventType "swiss"]
[EventRounds "9"]
[EventCountry "GER"]
[SourceTitle "EXT 2018"]
[Source "ChessBase"]
[SourceDate "2017.10.13"]
[SourceVersion "1"]
[SourceVersionDate "2017.10.13"]
[SourceQuality "1"]

1. d4 d5 2. c4 c6 3. Nf3 h6 4. Nc3 Nf6 5. e3 Bf5 6. Be2 e6 7. a3 Nbd7 8. 0-0 Rc8 9. Bd2 Bd6 10. Nh4 Bh7 11. g3 e5 12. cxd5 cxd5 13. dxe5 Nxe5 14. Bb5+ Ned7 15. Be1 0-0 16. Nxd5 Bc2 17. Nxf6+ Nxf6 18. Qe2 Be4 19. Bc3 g5 20. Ng2 Qe7 21. f3 Bf5 22. Rfe1 Nd5 23. Rac1 Nxc3 24. Rxc3 Rxc3 25. bxc3 Bxa3 26. Bd3 Be6 27. f4 Qc5 28. fxg5 Qxg5 29. Nf4 Bg4 30. Qg2 b6 31. Qe4 Qg7 32. Kg2 Bc8 33. Rf1 f5 34. Qc4+ Kh8 35. Ne6 Qb7+ 36. Kh3 Qf7 37. Nxf8 Qh5+ 38. Kg2 Bb7+ 39. e4 Bc5 40. Rxf5 Qxf5 41. Ne6 Qf2+ 42. Kh3 a6 43. Nxc5 bxc5 44. Qe6 Kg7 45. Bxa6 Bxa6 46. Qxa6 Qe3 47. Qb7+ Kf6 48. Qc6+ Kg7 49. c4 Qg5 50. Qd7+ Kf6 51. Qd8+ Kg6 52. Qd6+ Kf7 53. Qd5+ Kf6 54. Qxg5+ Kxg5 55. Kg2 h5 56. h3 Kf6 57. Kf3 Kg5 58. Ke3 Kf6 59. Kf4 Ke6 60. g4 hxg4 61. hxg4 Kf6 62. e5+ Kg6 63. g5 Kg7 64. Kf5 Kf7 65. e6+ Kg7 66. g6 Kf8 67. Kf6 Kg8 68. e7 1-0

[Event "Berlin-ch Seniors op 31st"]
[Site "Berlin"]
[Date "2015.02.02"]
[Round "4"]
[White "Toth, Hans Juergen"]
[Black "Andrasch, Peter"]
[Result "0-1"]
[WhiteElo "1362"]
[BlackElo "1578"]
[PlyCount "86"]
[EventDate "2015.01.29"]
[EventType "swiss"]
[EventRounds "9"]
[EventCountry "GER"]
[SourceTitle "EXT 2018"]
[Source "ChessBase"]
[SourceDate "2017.10.13"]
[SourceVersion "1"]
[SourceVersionDate "2017.10.13"]
[SourceQuality "1"]

1. f4 d5 2. Nf3 Nf6 3. e3 g6 4. b3 Bg7 5. Bb2 0-0 6. Bd3 c5 7. c4 e6 8. 0-0 Nc6 9. Ne5 Nb4 10. Be2 Nd7 11. a3 Na6 12. cxd5 exd5 13. Bxa6 Nxe5 14. Bxe5 Bxe5 15. fxe5 bxa6 16. d4 Qg5 17. Qf3 Be6 18. Qf4 Qxf4 19. Rxf4 Rac8 20. Nd2 Rc7 21. Rc1 Rfc8 22. Kf2 cxd4 23. Rxc7 dxe3+ 24. Kxe3 Rxc7 25. Rd4 h5 26. h4 Kf8 27. Rd3 Ke7 28. Kd4 Rc2 29. Ke3 Kd7 30. g3 Kc6 31. Kd4 Kb5 32. Nb1 Rc1 33. Nc3+ Kc6 34. Ne2 Re1 35. Nf4 Re4+ 36. Kc3 Rxe5 37. Kd2 Bf5 38. Rc3+ Kd6 39. Nd3 Bxd3 40. Kxd3 Rf5 41. Kd4 g5 42. hxg5 Rxg5 43. b4 Rg4+ 0-1

[Event "Berlin-ch Seniors op 30th"]
[Site "Berlin"]
[Date "2014.02.05"]
[Round "7"]
[White "Weber, Viktor"]
[Black "Andrasch, Peter"]
[Result "0-1"]
[WhiteElo "1390"]
[BlackElo "1574"]
[PlyCount "66"]
[EventDate "2014.01.30"]
[EventType "swiss"]
[EventRounds "9"]
[EventCountry "GER"]
[SourceTitle "EXT 2018"]
[Source "ChessBase"]
[SourceDate "2017.10.13"]
[SourceVersion "1"]
[SourceVersionDate "2017.10.13"]
[SourceQuality "1"]

1. d4 d5 2. c4 c6 3. cxd5 cxd5 4. Nc3 Nf6 5. Nf3 h6 6. h3 Bf5 7. Bf4 a6 8. a3 e6 9. e3 b5 10. b4 Nbd7 11. Na2 Nb6 12. Nc1 Rc8 13. Nb3 Bc2 14. Qd2 Bxb3 15. Ne5 Ne4 16. Qe2 Rc2 17. Qh5 Qe7 18. Be2 g6 19. Nxg6 fxg6 20. Qxg6+ Qf7 21. Qg4 h5 22. Qf3 Bc4 23. Bxc4 Nxc4 24. 0-0 Ncd2 25. Qd1 Rc4 26. Re1 Rg8 27. a4 Bh6 28. axb5 Qg6 29. g3 Bxf4 30. exf4 Nxf2 31. Rxe6+ Qxe6 32. Kxf2 Ne4+ 33. Kf1 Qxh3+ 0-1

[Event "Berlin-ch Seniors op 27th"]
[Site "Berlin"]
[Date "2011.02.06"]
[Round "9"]
[White "Andrasch, Peter"]
[Black "Graul, Dieter"]
[Result "0-1"]
[WhiteElo "1539"]
[BlackElo "1673"]
[PlyCount "88"]
[EventDate "2011.01.29"]
[EventType "swiss"]
[EventRounds "9"]
[EventCountry "GER"]
[SourceTitle "EXT 2012"]
[Source "ChessBase"]
[SourceDate "2011.11.24"]
[SourceVersion "1"]
[SourceVersionDate "2011.11.24"]
[SourceQuality "1"]

1. f4 Nf6 2. Nf3 g6 3. e3 Bg7 4. Nc3 d6 5. b3 c5 6. Bb2 0-0 7. Rb1 Nc6 8. a3 a6 9. Bd3 Bg4 10. 0-0 Qc7 11. Qe1 b5 12. Qh4 Bxf3 13. Rxf3 Qd7 14. Ne4 Nxe4 15. Bxe4 Bxb2 16. Rh3 h5 17. Rxb2 d5 18. Bf3 Kg7 19. Rg3 Rh8 20. c3 e5 21. Qg5 Qd8 22. fxe5 Qxg5 23. Rxg5 Rad8 24. d4 cxd4 25. exd4 Kh6 26. h4 Ne7 27. Be2 Nf5 28. g3 Ng7 29. e6 f6 30. Bxh5 fxg5 31. Bg4 gxh4 32. Re2 Nf5 33. gxh4 Ne7 34. Kg2 Rhf8 35. Kh3 Rf6 36. Re5 Rdf8 37. h5 g5 38. Re3 Rf4 39. Kg3 Re4 40. Rd3 Nf5+ 41. Kh3 Rxe6 42. Rf3 Re3 43. Kg2 Nh4+ 44. Kf2 Rfxf3+ 0-1

[Event "Berlin-ch Seniors op 27th"]
[Site "Berlin"]
[Date "2011.02.04"]
[Round "7"]
[White "Andrasch, Peter"]
[Black "Koerner, Helmut"]
[Result "1/2-1/2"]
[WhiteElo "1539"]
[BlackElo "1770"]
[PlyCount "20"]
[EventDate "2011.01.29"]
[EventType "swiss"]
[EventRounds "9"]
[EventCountry "GER"]
[SourceTitle "EXT 2012"]
[Source "ChessBase"]
[SourceDate "2011.11.24"]
[SourceVersion "1"]
[SourceVersionDate "2011.11.24"]
[SourceQuality "1"]

1. f4 g6 2. Nf3 Bg7 3. e3 d5 4. Be2 c6 5. 0-0 Qc7 6. Nc3 Nf6 7. b3 0-0 8. Bb2 Bg4 9. Nd4 Bxe2 10. Qxe2 Nbd7 1/2-1/2

[Event "Berlin-ch Seniors op 26th"]
[Site "Berlin"]
[Date "2010.02.16"]
[Round "8"]
[White "Andrasch, Peter"]
[Black "Fiedler, Ronald"]
[Result "1/2-1/2"]
[WhiteElo "1552"]
[BlackElo "1448"]
[PlyCount "94"]
[EventDate "2010.02.09"]
[EventType "swiss"]
[EventRounds "9"]
[EventCountry "GER"]
[SourceTitle "EXT 2012"]
[Source "ChessBase"]
[SourceDate "2011.11.24"]
[SourceVersion "1"]
[SourceVersionDate "2011.11.24"]
[SourceQuality "1"]

1. f4 e6 2. Nf3 c5 3. e3 d5 4. Be2 Nf6 5. b3 Nc6 6. Bb2 Bd6 7. 0-0 0-0 8. Qe1 Qe7 9. a3 e5 10. fxe5 Nxe5 11. Qh4 Nfd7 12. Qxe7 Nxf3+ 13. Bxf3 Bxe7 14. Bxd5 Nf6 15. Bf3 a5 16. a4 c4 17. Bd4 Ra6 18. Nc3 Bd8 19. Nd5 Nxd5 20. Bxd5 cxb3 21. Bxb3 Rg6 22. Rf2 Bf6 23. Raf1 Be6 24. Bxf6 Bxb3 25. cxb3 gxf6 26. Rf5 b6 27. h3 Kg7 28. g4 Rd8 29. R1f2 Rd6 30. Kh2 Rg5 31. R5f4 Rgd5 32. d4 Re6 33. R4f3 Rc6 34. Rb2 Rc3 35. b4 Rxd4 36. bxa5 bxa5 37. Rb6 Rxa4 38. Rbxf6 Ra2+ 39. Kg3 Rxe3 40. Rxf7+ Kg6 41. Ra7 Rxf3+ 42. Kxf3 h5 43. Ke4 hxg4 44. hxg4 a4 45. Ra5 a3 46. Kf3 Ra1 47. Kf2 Ra2+ 1/2-1/2

[Event "Berlin-ch Seniors op 26th"]
[Site "Berlin"]
[Date "2010.02.14"]
[Round "6"]
[White "Schick, Albert"]
[Black "Andrasch, Peter"]
[Result "1-0"]
[WhiteElo "1728"]
[BlackElo "1552"]
[PlyCount "117"]
[EventDate "2010.02.09"]
[EventType "swiss"]
[EventRounds "9"]
[EventCountry "GER"]
[SourceTitle "EXT 2012"]
[Source "ChessBase"]
[SourceDate "2011.11.24"]
[SourceVersion "1"]
[SourceVersionDate "2011.11.24"]
[SourceQuality "1"]

1. e4 e5 2. Nc3 Nf6 3. Bc4 Bc5 4. d3 0-0 5. Bg5 h6 6. h4 Be7 7. Qf3 c6 8. Qg3 Kh7 9. Nge2 d6 10. 0-0-0 b5 11. Bb3 b4 12. Nb1 Bd7 13. f4 Bg4 14. Bxf6 h5 15. Bxe7 Qxe7 16. Rd2 a5 17. Ba4 Rc8 18. fxe5 dxe5 19. d4 f6 20. dxe5 fxe5 21. Qe3 Nd7 22. c3 Nc5 23. Bd1 Rd8 24. Ng3 Rxd2 25. Nxd2 Rd8 26. Bxg4 hxg4 27. Nf5 Qf8 28. c4 g6 29. Ng3 Rd3 30. Qe1 a4 31. h5 g5 32. Nf5 a3 33. Kc2 axb2 34. Nb1 Qb8 35. Kxb2 Qb6 36. Nd6 Na4+ 37. Kc2 Nc5 38. Nb5 Qa5 39. a3 cxb5 40. Qxb4 Qa4+ 41. Qxa4 bxa4 42. Nc3 Rg3 43. Rg1 Kh6 44. Kb2 Kxh5 45. Nd5 Rb3+ 46. Ka2 Rd3 47. Ne7 g3 48. Nc6 g4 49. Nxe5 Re3 50. Kb2 Nxe4 51. Rc1 Nc5 52. Rh1+ Kg5 53. Nf7+ Kg6 54. Nh6 Rb3+ 55. Ka2 Nd3 56. Nxg4 Kg5 57. Ne3 Rb2+ 58. Ka1 Rxg2 59. Nxg2 1-0

[Event "Berlin-ch Seniors op 26th"]
[Site "Berlin"]
[Date "2010.02.13"]
[Round "5"]
[White "Andrasch, Peter"]
[Black "Husser, Oskar"]
[Result "1-0"]
[WhiteElo "1552"]
[BlackElo "1651"]
[PlyCount "69"]
[EventDate "2010.02.09"]
[EventType "swiss"]
[EventRounds "9"]
[EventCountry "GER"]
[SourceTitle "EXT 2012"]
[Source "ChessBase"]
[SourceDate "2011.11.24"]
[SourceVersion "1"]
[SourceVersionDate "2011.11.24"]
[SourceQuality "1"]

1. f4 d5 2. Nf3 e6 3. e3 Bd6 4. b3 Nf6 5. Bb2 Nbd7 6. Be2 b6 7. 0-0 0-0 8. Qe1 c5 9. Ne5 Bb7 10. Qg3 Ne4 11. Qh3 Bxe5 12. fxe5 Ng5 13. Qh5 h6 14. d4 Qe8 15. Qh4 Rc8 16. Nc3 a6 17. a4 Nb8 18. Rf4 Rc7 19. Raf1 cxd4 20. exd4 Qd7 21. Rf6 Rfc8 22. Bd3 Rxc3 23. Bxc3 Rxc3 24. Rxh6 gxh6 25. Qxh6 Ne4 26. Rf4 f5 27. exf6 Nxf6 28. Rxf6 Qg7 29. Rg6 Rc7 30. Rxg7+ Rxg7 31. Qxe6+ Kh8 32. Qe8+ Rg8 33. Qh5+ Kg7 34. Qh7+ Kf8 35. Qxb7 1-0

[Event "Berlin-ch Seniors op 26th"]
[Site "Berlin"]
[Date "2010.02.12"]
[Round "4"]
[White "Sube, Guenter"]
[Black "Andrasch, Peter"]
[Result "1-0"]
[WhiteElo "1706"]
[BlackElo "1552"]
[PlyCount "93"]
[EventDate "2010.02.09"]
[EventType "swiss"]
[EventRounds "9"]
[EventCountry "GER"]
[SourceTitle "EXT 2012"]
[Source "ChessBase"]
[SourceDate "2011.11.24"]
[SourceVersion "1"]
[SourceVersionDate "2011.11.24"]
[SourceQuality "1"]

1. e4 e5 2. Nc3 Nc6 3. Bc4 Nf6 4. d3 d6 5. h3 Be6 6. Bb3 Nd4 7. Nge2 Nxe2 8. Nxe2 Be7 9. 0-0 0-0 10. f4 Qc8 11. fxe5 Nh5 12. Nf4 Nxf4 13. Bxf4 Bxb3 14. axb3 f5 15. exd6 Bxd6 16. Bxd6 cxd6 17. exf5 Rxf5 18. Rxf5 Qxf5 19. Qe2 Qf6 20. Rf1 Qd4+ 21. Qf2 Qc5 22. d4 Qc7 23. c3 Qd7 24. Qf3 Re8 25. Qd5+ Kh8 26. Rf7 Qd8 27. Qxb7 Qg5 28. Qf3 Kg8 29. Rf4 h6 30. Kh2 d5 31. Rf5 Qd8 32. Qxd5+ Qxd5 33. Rxd5 Re2 34. Ra5 Rxb2 35. Rxa7 Rxb3 36. Rc7 Kf8 37. c4 Rb4 38. d5 Ke8 39. c5 Rb5 40. d6 Kd8 41. Kg3 g6 42. Kf4 Rb2 43. Ke5 Rxg2 44. Kd5 Rf2 45. Kc6 Rf6 46. Rh7 Ke8 47. Kc7 1-0